[Event "Feffernitz op 27th"]
[Site "Feffernitz"]
[Date "2018.08.19"]
[Round "1"]
[White "Reichert, Maximilian"]
[Black "Perhinig, Robert"]
[Result "0-1"]
[WhiteElo "1721"]
[BlackElo "2226"]
[PlyCount "72"]
[EventDate "2018.08.19"]
[EventType "swiss"]
[EventRounds "9"]
[EventCountry "AUT"]
[SourceTitle "CBM 186 Extra"]
[Source "ChessBase"]
[SourceDate "2018.08.24"]
[SourceVersion "1"]
[SourceVersionDate "2018.08.24"]
[SourceQuality "1"]

1. d4 d5 2. c4 c6 3. Nc3 Nf6 4. Bg5 e6 5. e3 Nbd7 6. Nf3 Bb4 7. a3 Bxc3+ 8. bxc3 Qa5 9. Qb3 0-0 10. Qb4 Qc7 11. Bf4 Qd8 12. Bd3 b6 13. 0-0 c5 14. Qb1 Ba6 15. cxd5 Bxd3 16. Qxd3 exd5 17. dxc5 Nxc5 18. Qb5 Nfe4 19. Be5 Qe7 20. Bd4 Rac8 21. Rfc1 Nd6 22. Bxc5 Rxc5 23. Qd3 Rfc8 24. Rd1 Ne4 25. Nd4 Nxc3 26. Rd2 Ne4 27. Rdd1 Qf6 28. Nf3 g6 29. h3 Rc2 30. Rf1 Rxf2 31. Qxd5 Rxf1+ 32. Rxf1 Ng3 33. Re1 Rc2 34. Qb7 Nf5 35. Qxa7 Nh4 36. Nxh4 Qf2+ 0-1

[Event "Arber op 4th"]
[Site "Bayerisch Eisenstein"]
[Date "2015.08.01"]
[Round "1"]
[White "Bensch, Patrick"]
[Black "Reichert, Maximilian"]
[Result "1-0"]
[WhiteElo "2190"]
[BlackElo "1743"]
[PlyCount "55"]
[EventDate "2015.08.01"]
[EventType "swiss"]
[EventRounds "9"]
[EventCountry "GER"]
[SourceTitle "EXT 2016"]
[Source "ChessBase"]
[SourceDate "2015.10.08"]
[SourceVersion "1"]
[SourceVersionDate "2015.10.08"]
[SourceQuality "1"]

1. e4 d5 2. exd5 Nf6 3. d4 Nxd5 4. c4 Nb6 5. Nf3 g6 6. c5 Nd5 7. Bc4 Bg7 8. Qb3 c6 9. Nc3 e6 10. 0-0 0-0 11. Bg5 Qc7 12. Rfe1 Nd7 13. Ne4 N7f6 14. Nd6 b6 15. Rac1 Bd7 16. Ne5 Be8 17. Nxe8 Rfxe8 18. cxb6 Qxb6 19. Qxb6 Nxb6 20. Ba6 Na4 21. Bb7 Rab8 22. Bxc6 Nxb2 23. Bxe8 Nxe8 24. Nc6 Rb6 25. Re3 Nd6 26. Rb3 Rxb3 27. axb3 Ne4 28. Ne7+ 1-0